000
00301nam a22001337a 4500
008
170607b xxu||||| |||| 00| 0 eng d
020
_a
9780691139524
041
_a
eng
080
_a
338
100
_a
18
101
_a
SHH
245
_a
FROM ECONOMIC CRISIS TO REFORM
_c
ELECHES,G.P
942
_2
udc
_c
BK
999
_c
16348
_d
16348